MARC

LEADER 00000naa2a2200000 4500
001 618400
005 20231102023731.0
035 |a (RuTPU)RU\TPU\conf\16782 
035 |a RU\TPU\conf\16776 
090 |a 618400 
100 |a 20160601d2016 k y0rusy50 ca 
101 0 |a rus 
102 |a RU 
105 |a y z 101zy 
135 |a drgn ---uucaa 
181 0 |a i  
182 0 |a b 
200 1 |a Выплавка стали с использованием никелевого концентрата  |f О. И. Нохрина, И. Д. Рожихина, И. Е. Прошунин 
203 |a Текст  |c электронный 
225 1 |a Инновационные технологии получения и обработки материалов в машиностроении 
230 |a 1 компьютерный файл (pdf; 271 Кб) 
300 |a Заглавие с титульного экрана 
320 |a [Библиогр.: с. 148 (10 назв.)] 
463 0 |0 (RuTPU)RU\TPU\conf\16518  |t Инновационные технологии в машиностроении  |o сборник трудов VII Международной научно-практической конференции, 19-21 мая 2016 г., Юрга  |f Национальный исследовательский Томский политехнический университет (ТПУ), Юргинский технологический институт (ЮТИ) ; под ред. Д. А. Чинахова  |v [С. 145-148]  |d 2016 
610 1 |a труды учёных ТПУ 
610 1 |a электронный ресурс 
610 1 |a выплавка 
610 1 |a стали 
610 1 |a никель 
610 1 |a легирование 
610 1 |a легирующие элементы 
610 1 |a никелевый концентрат 
700 1 |a Нохрина  |b О. И.  |c специалист в области металлургии  |c профессор Юргинского технологического института (филиала) Томского политехнического университета, доктор технических наук  |f 1953-  |g Ольга Ивановна  |2 stltpush  |3 (RuTPU)RU\TPU\pers\31604  |9 15762 
701 1 |a Рожихина  |b И. Д.  |c специалист в области металлургии  |c профессор Юргинского технологического института Томского политехнического университета  |f 1947-  |g Ирина Дмитриевна  |2 stltpush  |3 (RuTPU)RU\TPU\pers\31688  |9 15819 
701 1 |a Прошунин  |b И. Е. 
712 0 2 |a Национальный исследовательский Томский политехнический университет (ТПУ)  |b Юргинский технологический институт (филиал) (ЮТИ)  |b Кафедра металлургии и черных металлов (МЧМ)  |h 7136  |2 stltpush  |3 (RuTPU)RU\TPU\col\18892 
801 2 |a RU  |b 63413507  |c 20160630  |g RCR 
856 4 |u http://earchive.tpu.ru/handle/11683/26024 
942 |c BK